Claims : agreement between the United States of America and Kuwait, effected by notification dated at Geneva, November 19, 2002, with attachment.

Bibliographic Details
Corporate Authors: Kuwait, United States. Department of State
Format: Government Document eBook
Language:English
Published: [Washington, D.C.] : U.S. Dept. of State, [2012?]
Series:Treaties and other international acts series ; 02-1119.
Subjects:
Online Access:https://purl.fdlp.gov/GPO/gpo31658

MARC

Tag First Indicator Second Indicator Subfields
LEADER 00000cam a2200000 a 4500
001 in00002783119
005 20220106085134.0
006 m o d f
007 cr bn|||||||||
008 121127s2012 dcu oz f000 0 eng c
035 |a (OCoLC)ocn819409401 
040 |a GPO  |c GPO  |d MvI  |d UtOrBLW 
042 |a pcc 
043 |a n-us---  |a a-ku--- 
049 |a WWW 
074 |a 0899-A-01 (online) 
086 0 |a S 9.10:02-1119 
110 1 |a Kuwait. 
240 1 0 |a Treaties, etc.  |g United States,  |d 2002 November 19 
245 1 0 |a Claims :  |b agreement between the United States of America and Kuwait, effected by notification dated at Geneva, November 19, 2002, with attachment. 
246 3 0 |a Agreement between the United States of America and Kuwait, effected by notification dated at Geneva, November 19, 2002, with attachment 
264 1 |a [Washington, D.C.] :  |b U.S. Dept. of State,  |c [2012?] 
300 |a 1 online resource (15 unnumbered pages). 
336 |a text  |b txt  |2 rdacontent 
337 |a computer  |b c  |2 rdamedia 
338 |a online resource  |b cr  |2 rdacarrier 
490 1 |a Treaties and other international acts series ;  |v 02-1119 
500 |a Title from title screen (viewed on Nov. 27, 2012). 
500 |a Electronic resource. 
651 0 |a United States  |x Claims. 
651 0 |a Kuwait  |x Claims. 
650 0 |a Iraq-Kuwait Crisis, 1990-1991  |x Claims. 
710 1 |a United States.  |b Department of State. 
830 0 |a Treaties and other international acts series ;  |v 02-1119. 
856 4 0 |u https://purl.fdlp.gov/GPO/gpo31658  |t 0 
999 |a MARS 
999 f f |s d1068ca9-1b01-34b4-9c4a-279130ae9373  |i dd6df563-6b31-3994-80c4-54a92e95509b  |t 0 
952 f f |a Texas A&M University  |b College Station  |c Electronic Resources  |d Available Online  |t 0  |e S 9.10:02-1119  |h Superintendent of Documents classification 
998 f f |a S 9.10:02-1119  |t 0  |l Available Online